| 000 | 004750000a22001810004500 | ||
|---|---|---|---|
| 020 | _a1-57910-426-6 | ||
| 041 | 0 | _aENG | |
| 082 | 0 | 4 | _aG 261.7 T5882p |
| 100 | 1 | _aTinder, Glenn E. | |
| 245 | 1 | 0 | _aThe political meaning of christianity : An interpretation / Glenn Tinder |
| 260 | _a: Wipf and Stock | ||
| 300 | _a257 Pag | ||
| 001 | 12110 | ||
| 942 | _cBK | ||
| 999 |
_c41138 _d41138 |
||
| 336 |
_atexto _btxt _2rdacontent |
||
| 337 |
_2rdamedia _asin mediación _bn |
||
| 338 |
_2rdacarrier _avolumen _bnc |
||